000
00302nam a2200133Ia 4500
999
_c
13981
_d
13981
003
OSt
005
20260314145431.0
008
260210s9999 xx 000 0 und d
020
_a
9788492861811
100
_a
Acebillo
245
0
_a
Globalization Of Urbanity
260
_b
Actar
_c
2013
942
_c
RD
_2
ddc